Famous Fighters - Statistics

General Stats
  • This quiz has been taken 11 times
  • The average score is 7 of 18
Answer Stats
Description Fighter % Correct
A saint who fought in the Hundred Years' War and acquired the nicknamed "The Maid of Orléans". Joan of Arc
78%
A queen of the Celtic Iceni tribe who fought against the Roman Empire. Boudica
67%
A Spartan king, who famously fought and died at the Battle of Thermopylae. Leonidas I
67%
The King of the Zulu Kingdom from 1816 to 1828. Shaka
67%
A French president who fought as an officer in World War 1 and was the leader of Free France during World War 2. Charles de Gaulle
56%
The founder of the Mongol Empire. Genghis Khan
56%
The founder of the Republic of Turkey, who had previously served in the Ottoman Army. Mustafa Kemal Atatürk
56%
A gladiator who, alongside Crixus, Gannicus, Castus and Oenomaus, led a slave uprising against the Roman Republic. Spartacus
56%
A Lakota war leader who fought in the Battle of Little Bighorn. There is an incomplete memorial to him located in the Black Hills of South Dakota. Crazy Horse
44%
Pharaoh of the New Kingdom who fought in the Battle of Kadesh. Ramesses II
44%
The first sultan of Egypt and Syria and founder of the Ayyubid dynasty, who fought against the Crusader states. Saladin
44%
A Mexican revolutionary general. One of the raids he led resulted in the Battle of Columbus. Pancho Villa
33%
A Roman soldier who became an Emperor. During his reign, the Roman Empire reached its maximum territorial extent. Trajan
33%
A Viking who ruled Norway from 1046 to 1066. Previously, he had served as a mercenary and commander in the Kievan Rus' and as one of the Varangian Guard. He died at the Battle of Stamford Bridge. Harald Hardrada
22%
A queen of the Greek city-state of Halicarnassus who commanded five of her own ships during the Battle of Salamis. Artemisia I of Caria
11%
A samurai who led a ninja clan. At one point he led the future shōgun Tokugawa Ieyasu to safety, and would later serve under him. Hattori Hanzō
0%
The ninth Sapa Inca, who transformed the Kingdom of Cusco into the Inca Empire. Pachacuti
0%
A knight who became the 1st Earl of Pembroke. He served under five English kings, including Richard the Lionheart. After he died, he was described as the "best knight that ever lived". William Marshal
0%
No matching quizzes found
Score Distribution
Percent of People with Each Score
Percentile by Number Answered
Your Score History
You have not taken this quiz